Príležitosti pre realizáciu priamych zahraničných investícií v Rusku

Federálny zákon o zahraničných investíciách - hlavná legislatívna norma regulujúca investičnú činnosť v Ruskej federácii. Zvláštne ekonomické zóny ako významný prvok v podpore rozvoja investičnej činnosti. Investičná atraktivita ruského trhu. Prílev priamych zahraničných investícií do Ruska. Najväčš...

ver descrição completa

Na minha lista:
Detalhes bibliográficos
Autor principal: Drieniková, Kristína, 1982-
Formato: Capítulo de Livro
Idioma:eslovaco
Assuntos:
Tags: Adicionar Tag
Sem tags, seja o primeiro a adicionar uma tag!

MARC

LEADER 00000nla$a2200000$$$4500
001 0112135
005 20240502072237.7
041 0 |a slo 
044 |a SK 
245 1 0 |a Príležitosti pre realizáciu priamych zahraničných investícií v Rusku  |c Kristína Drieniková 
520 |a Federálny zákon o zahraničných investíciách - hlavná legislatívna norma regulujúca investičnú činnosť v Ruskej federácii. Zvláštne ekonomické zóny ako významný prvok v podpore rozvoja investičnej činnosti. Investičná atraktivita ruského trhu. Prílev priamych zahraničných investícií do Ruska. Najväčší zahraniční investori v Rusku. Priame zahraničné investície medzi EÚ a Ruskom od r. 2004. 
610 2 0 |a investície priame zahraničné 
610 2 0 |a investori 
610 2 0 |a investovanie 
610 2 0 |a legislatíva 
610 2 0 |a podnikanie medzinárodné 
610 2 0 |a Rusko 
610 2 0 |a Európska únia 
100 1 |a Drieniková, Kristína, 1982-